Countries With Their Name In Their Capital City's Name - Statistics

General Stats
  • This quiz has been taken 51 times
  • The average score is 8 of 11
Answer Stats
Hint Answer % Correct
1 Andorra
81%
6 Mexico
81%
11 Vatican City
81%
7 Monaco
75%
9 San Marino
75%
5 Luxembourg
73%
8 Panama
69%
3 Guatemala
65%
4 Kuwait
65%
10 Singapore
65%
2 Djibouti
50%
No matching quizzes found
Score Distribution
Percent of People with Each Score
Percentile by Number Answered
Your Score History
You have not taken this quiz